<?xml version="1.0" encoding="UTF-8"?>
<record
    xmlns:xsi="http://www.w3.org/2001/XMLSchema-instance"
    xsi:schemaLocation="http://www.loc.gov/MARC21/slim http://www.loc.gov/standards/marcxml/schema/MARC21slim.xsd"
    xmlns="http://www.loc.gov/MARC21/slim">

  <leader>03512njm a2200553Ia 4500</leader>
  <controlfield tag="001">F5041</controlfield>
  <controlfield tag="003">IT-RoPAU</controlfield>
  <controlfield tag="005">20220918181114.0</controlfield>
  <controlfield tag="008">131025s9999    xx            000 0 und d</controlfield>
  <datafield tag="040" ind1=" " ind2=" ">
    <subfield code="a">IT-RoPAU</subfield>
  </datafield>
  <datafield tag="040" ind1=" " ind2=" ">
    <subfield code="c">IT-RoPAU</subfield>
  </datafield>
  <datafield tag="999" ind1=" " ind2=" ">
    <subfield code="c">99259</subfield>
    <subfield code="d">99259</subfield>
  </datafield>
  <datafield tag="999" ind1=" " ind2=" ">
    <subfield code="b">n.d.</subfield>
  </datafield>
  <datafield tag="100" ind1=" " ind2=" ">
    <subfield code="a">AA.VV.</subfield>
    <subfield code="9">794</subfield>
  </datafield>
  <datafield tag="100" ind1=" " ind2=" ">
    <subfield code="e">Autore musica</subfield>
    <subfield code="9">32684</subfield>
  </datafield>
  <datafield tag="100" ind1=" " ind2=" ">
    <subfield code="g">Codice autore musica SPICS: 12000</subfield>
    <subfield code="9">796</subfield>
  </datafield>
  <datafield tag="245" ind1=" " ind2=" ">
    <subfield code="a">Russian Style il jazz in Russia</subfield>
  </datafield>
  <datafield tag="250" ind1=" " ind2=" ">
    <subfield code="a">1a ed.</subfield>
  </datafield>
  <datafield tag="260" ind1=" " ind2=" ">
    <subfield code="a">MILANO</subfield>
  </datafield>
  <datafield tag="260" ind1=" " ind2=" ">
    <subfield code="b">RUSCONI</subfield>
    <subfield code="c">1998 [1a Ed.:1998 - Ed. Lingua Orig.: 1998]</subfield>
  </datafield>
  <datafield tag="300" ind1=" " ind2=" ">
    <subfield code="a">COMPACT DISC</subfield>
  </datafield>
  <datafield tag="300" ind1=" " ind2=" ">
    <subfield code="c">63 minuti (Testo: 0 pag.)</subfield>
  </datafield>
  <datafield tag="500" ind1=" " ind2=" ">
    <subfield code="a">Musica jazz. Cd fuori commercio allegato al n. 11 '98 della rivista "Musica jazz".</subfield>
  </datafield>
  <datafield tag="505" ind1=" " ind2=" ">
    <subfield code="a">Triptych In the Style of jazz [(Novosibirsk 1986) (7:00)] - Ain't Misbehavin' [(Leningrado 1983) (8:00)] - Cold [(Novosibirsk 1992) (5:00)] - Umtza-Umtza [(Leningrado 1981) (9:00)] - Waltz [(Leningrado 1985) (3:00)] - Delusion [(Leningrado 1983) (7:00)] - Messenger (7:00) - First Recording "A" [(Leningrado 1980) (6:00)] - Raga Blues [(Novosibirsk 1986) (7:00)] - American Standards, Russian Style (7:00)</subfield>
  </datafield>
  <datafield tag="511" ind1=" " ind2=" ">
    <subfield code="a">Guyvoronsky Vyacheslav: tr; Lee Nelly: p</subfield>
  </datafield>
  <datafield tag="511" ind1=" " ind2=" ">
    <subfield code="a">Ponomareva Valentina: voc; Chekasin Vladimir: alto; Molokoedov Oleg: p; Shinkarenko Leonid: cb; Laurinavichus Gediminas: batt</subfield>
  </datafield>
  <datafield tag="511" ind1=" " ind2=" ">
    <subfield code="a">Yukechev Yurin: sint</subfield>
  </datafield>
  <datafield tag="511" ind1=" " ind2=" ">
    <subfield code="a">Ganelin Vyacheslav: p, perc; Chekasin Vladimir: fl dolce, alto, voc; Tarasov Vladimir: batt, perc</subfield>
  </datafield>
  <datafield tag="511" ind1=" " ind2=" ">
    <subfield code="a">Guyvoronsky Vyacheslav: tr; Volkov Vladimir: cb</subfield>
  </datafield>
  <datafield tag="511" ind1=" " ind2=" ">
    <subfield code="a">Vapirov Anatoly: sop; Kuryokhin Sergey: p; Galenieks Ivars: cb; Belichenko Sergey: batt; Ponomareva Valentina: voc</subfield>
  </datafield>
  <datafield tag="511" ind1=" " ind2=" ">
    <subfield code="a">Trofimov Sergey: chit el</subfield>
  </datafield>
  <datafield tag="511" ind1=" " ind2=" ">
    <subfield code="a">Kuryokhin Sergey: p, perc; Butman Igor: alto; Pumpyan Alexander: chit</subfield>
  </datafield>
  <datafield tag="511" ind1=" " ind2=" ">
    <subfield code="a">Guyvoronsky Vyacheslav: tr; Suyfullin Askhat: cello, voc; percussioninista sconosciuto</subfield>
  </datafield>
  <datafield tag="511" ind1=" " ind2=" ">
    <subfield code="a">Chekasin Vladimir, Vysniauskas Petras: sassofoni; Molokoedov Oleg: p; Shinkarenko Leonid: cb; Laurinavichus Gediminas: batt; luogo e data sconosciuti</subfield>
  </datafield>
  <datafield tag="650" ind1=" " ind2=" ">
    <subfield code="a">JAZZ [COMPACT DISC]</subfield>
    <subfield code="e">Codice MATERIA SPICS: 9949</subfield>
    <subfield code="9">11822</subfield>
  </datafield>
  <datafield tag="700" ind1=" " ind2=" ">
    <subfield code="a">Guyvoronsky Vyacheslav</subfield>
    <subfield code="d">Codice autore musica SPICS: 51649</subfield>
    <subfield code="e">Autore musica</subfield>
    <subfield code="p">Triptych In the Style of jazz - Waltz - Raga Blues</subfield>
    <subfield code="9">32685</subfield>
  </datafield>
  <datafield tag="700" ind1=" " ind2=" ">
    <subfield code="a">Waller Thomas Fats</subfield>
    <subfield code="d">Codice autore musica SPICS: 15948</subfield>
    <subfield code="e">Autore musica</subfield>
    <subfield code="p">Ain't Misbehavin'</subfield>
    <subfield code="9">32686</subfield>
  </datafield>
  <datafield tag="700" ind1=" " ind2=" ">
    <subfield code="a">Razaf Andy</subfield>
    <subfield code="d">Codice autore SPICS: 10573</subfield>
    <subfield code="e">Autore</subfield>
    <subfield code="p">Ain't Misbehavin'</subfield>
    <subfield code="9">32687</subfield>
  </datafield>
  <datafield tag="700" ind1=" " ind2=" ">
    <subfield code="a">Yukechev Yurin</subfield>
    <subfield code="d">Codice autore musica SPICS: 51650</subfield>
    <subfield code="e">Autore musica</subfield>
    <subfield code="p">Cold</subfield>
    <subfield code="9">32688</subfield>
  </datafield>
  <datafield tag="700" ind1=" " ind2=" ">
    <subfield code="a">Ganelin V.</subfield>
    <subfield code="d">Codice autore musica SPICS: 51651</subfield>
    <subfield code="e">Autore musica</subfield>
    <subfield code="p">Umtza-Umtza</subfield>
    <subfield code="9">32689</subfield>
  </datafield>
  <datafield tag="700" ind1=" " ind2=" ">
    <subfield code="a">Tarasov V.</subfield>
    <subfield code="d">Codice autore SPICS: 51652</subfield>
    <subfield code="e">Autore</subfield>
    <subfield code="p">Umtza-Umtza</subfield>
    <subfield code="9">32690</subfield>
  </datafield>
  <datafield tag="700" ind1=" " ind2=" ">
    <subfield code="a">Chekasin V.</subfield>
    <subfield code="d">Codice autore testo/musica SPICS: 51653</subfield>
    <subfield code="e">Autore testo/musica</subfield>
    <subfield code="p">Umtza-Umtza</subfield>
    <subfield code="9">32691</subfield>
  </datafield>
  <datafield tag="700" ind1=" " ind2=" ">
    <subfield code="a">Volkoff Vladimir</subfield>
    <subfield code="d">Codice autore SPICS: 44412</subfield>
    <subfield code="e">Autore</subfield>
    <subfield code="p">Waltz</subfield>
    <subfield code="9">32692</subfield>
  </datafield>
  <datafield tag="700" ind1=" " ind2=" ">
    <subfield code="a">Vapirov Anatoly</subfield>
    <subfield code="d">Codice autore musica SPICS: 51654</subfield>
    <subfield code="e">Autore musica</subfield>
    <subfield code="p">Delusion</subfield>
    <subfield code="9">32693</subfield>
  </datafield>
  <datafield tag="700" ind1=" " ind2=" ">
    <subfield code="a">Trofimov Sergey</subfield>
    <subfield code="d">Codice autore musica SPICS: 51655</subfield>
    <subfield code="e">Autore musica</subfield>
    <subfield code="p">Messenger</subfield>
    <subfield code="9">32694</subfield>
  </datafield>
  <datafield tag="700" ind1=" " ind2=" ">
    <subfield code="a">Kuryokhin Sergey</subfield>
    <subfield code="d">Codice autore musica SPICS: 51656</subfield>
    <subfield code="e">Autore musica</subfield>
    <subfield code="p">First Recording "A"</subfield>
    <subfield code="9">32695</subfield>
  </datafield>
  <datafield tag="700" ind1=" " ind2=" ">
    <subfield code="a">Chekasin V.</subfield>
    <subfield code="d">Codice autore musica SPICS: 51653</subfield>
    <subfield code="e">Autore musica</subfield>
    <subfield code="p">American Standards, Russian Style</subfield>
    <subfield code="9">32696</subfield>
  </datafield>
  <datafield tag="700" ind1=" " ind2=" ">
    <subfield code="a">Vysniauskas P.</subfield>
    <subfield code="d">Codice autore SPICS: 51657</subfield>
    <subfield code="e">Autore</subfield>
    <subfield code="p">American Standards, Russian Style</subfield>
    <subfield code="9">32697</subfield>
  </datafield>
  <datafield tag="942" ind1=" " ind2=" ">
    <subfield code="c">CD</subfield>
    <subfield code="2">ddc</subfield>
  </datafield>
  <datafield tag="952" ind1=" " ind2=" ">
    <subfield code="0">0</subfield>
    <subfield code="1">0</subfield>
    <subfield code="4">0</subfield>
    <subfield code="6">F_5041_000000000000000</subfield>
    <subfield code="7">1</subfield>
    <subfield code="a">SPICS</subfield>
    <subfield code="b">SPICS</subfield>
    <subfield code="d">2013-10-25</subfield>
    <subfield code="l">0</subfield>
    <subfield code="o">F5041</subfield>
    <subfield code="r">2013-10-25 00:00:00</subfield>
    <subfield code="w">2013-10-25</subfield>
    <subfield code="y">CD</subfield>
    <subfield code="z">Progr. Ins.: 22590 / N.Vol.: 1 / Copie: 1 - Copia rara: n.d. / date import: 01.01.2014 - By Epidotti, Trombetti, Vaglietti</subfield>
  </datafield>
</record>
